000 00562nam a2200229Ia 4500
003 OSt
005 20221005115530.0
006 a|||||r|||| 00| 0
007 ta
008 221004b |||||||| |||| 00| 0 mal d
024 _a59241
037 _cTextual
040 _aCRL
_cCRL
_bmal
041 _2mal
_amal
082 _aX8(F).2.N5, 32J6
100 _aJoseph
_9517747
245 0 _aCherukita rasavyavasayangal
260 _c1956
650 _aECONOMICS
942 _hX8(F).2.N5, 32J6
_cTEXL
_2cc
999 _c1035115
_d1035115